The late Egyptian underworld : sarcophagi and related texts from the Nectanebid period /

محفوظ في:

المؤلف الرئيسي: Manassa, Colleen.

التنسيق: كتاب

اللغة: English

منشور في: Wiesbaden : Harrassowitz, 2007.

سلاسل: Agypten und Altes Testament ; 72.
AAT ; 72.

الموضوعات:

الوسوم: إضافة وسم

لا توجد وسوم, كن أول من يضع وسما على هذه التسجيلة!

رقم الطلب: DT57 .A95 v.72/1-2

LEADER 00999cam a22003014a 4500
001 ocn213400689
003 OSt
005 20241107113023.0
008 100326s2007 gw af b 001 0 eng c
999 |c 56715  |d 56715 
010 |a  2010416741 
020 |a 3447056711  |q (hardcover) 
020 |a 9783447056717  |q (hardcover) 
043 |a f-ua--- 
050 4 |a DT57 .A95 v.72/1-2 
100 1 |a Manassa, Colleen. 
245 1 4 |a The late Egyptian underworld :   |b sarcophagi and related texts from the Nectanebid period /   |c Colleen Manassa. 
264 1 |a Wiesbaden :  |b Harrassowitz,  |c 2007. 
300 |a 2 volumes :  |b illustrations, plates ;  |c 31 cm. 
490 0 |a Agypten und Altes Testament ;  |v 72. 
490 0 |a AAT ;   |v 72. 
504 |a Includes bibliographical references and index. 
505 0 |a Part 1. Sarcophagi and texts -- part 2. Plates. 
650 0 |a Funeral rites and ceremonies  |z Egypt. 
650 0 |a Sarcophagi  |z Egypt. 
651 0 |a Egypt  |x Antiquities. 
901 |a reviewed 
942 |2 lcc  |c BK